[Event "JUG-Cup qual"]
[Site "Arandjelovac"]
[Date "1991.??.??"]
[Round "3"]
[White "Sokolov, Ivan"]
[Black "Rajkovic, Dusan"]
[Result "1/2-1/2"]
[WhiteElo "2570"]
[BlackElo "2495"]

1.d4 e6 2.c4 Bb4+ 3.Nd2 d5 4.a3 Be7 5.Ngf3 Nf6 6.g3 O-O 7.Bg2 c6 8.O-O Nbd7
9.b3 b6 10.Bb2 Bb7 11.Rc1 Rc8 12.Ne5 Nxe5 13.dxe5 Nd7 14.b4 c5 15.Qb3 dxc4
16.Nxc4 Bxg2 17.Kxg2 b5 18.Nd6  1/2-1/2

[Event "JUG-Cup qual"]
[Site "Arandjelovac"]
[Date "1991.??.??"]
[Round "4"]
[White "Pavlovic, Milos"]
[Black "Sokolov, Ivan"]
[Result "1/2-1/2"]
[WhiteElo "2480"]
[BlackElo "2570"]

1.e4 e5 2.Nf3 Nc6 3.d4 exd4 4.Nxd4 Bc5 5.Be3 Qf6 6.c3 Nge7 7.Bc4 O-O 8.O-O Bb6
9.Bb3 d6 10.Kh1 Qg6 11.f3 Kh8 12.Bf2 f5 13.Bc2 Nxd4 14.cxd4 fxe4 15.Nc3 Qh5
16.Nxe4 d5 17.Ng3 Qh6 18.Re1 Nc6 19.Ba4 Bd7 20.Ne2 Bf5 21.Ng3 Bd7 22.Ne2 Rae8
23.Nc3 Qg5 24.Rxe8 Rxe8 25.Bg3 Nb8 26.Bc2 Be6 27.Qd3 Qh5 28.Re1 Nc6 29.Nxd5 Nxd4
30.Nf4 Qh6 31.Nxe6 Nxc2 32.Qxc2 Rxe6 33.Rd1 Qf6 34.Bxc7 Bd4 35.Qc4 Rc6 36.Qe2 h6
37.Qe8+ Kh7 38.Qe4+ Kh8 39.Qe8+ Kh7 40.Qe4+ Kh8  1/2-1/2

[Event "Mitropa-Cup"]
[Site "Brno"]
[Date "1991.??.??"]
[Round "1"]
[White "Sokolov, Ivan"]
[Black "Hoelzl, Franz"]
[Result "1-0"]
[WhiteElo "2570"]
[BlackElo "2385"]

1.d4 Nf6 2.c4 c5 3.d5 a6 4.Qc2 e5 5.e4 Bd6 6.Nc3 Bc7 7.Bd3 d6 8.Nge2 Nh5
9.h4 Qf6 10.Bg5 Qg6 11.Rg1 h6 12.Be3 Qf6 13.O-O-O Nf4 14.Nxf4 exf4 15.e5 Qxh4
16.g3 fxg3 17.Rxg3 Nd7 18.e6 Ne5 19.Rxg7 Kf8 20.Rdg1 Bd8 21.f4 Bf6 22.fxe5 Bxg7
23.Rxg7 Kxg7 24.Qg2+ Kf8 25.Qf3 f6 26.exf6 Rg8 27.Qf4  1-0

[Event "JUG-chT Cetinje"]
[Site "Cetinje"]
[Date "1991.??.??"]
[Round "5"]
[White "Dorfman, Josif D"]
[Black "Sokolov, Ivan"]
[Result "1-0"]
[WhiteElo "2575"]
[BlackElo "2570"]

1.c4 e5 2.Nc3 Nf6 3.Nf3 Nc6 4.e3 Be7 5.d4 exd4 6.Nxd4 O-O 7.Be2 Nxd4 8.Qxd4 Re8
9.O-O Bd6 10.Bd2 Be5 11.Qd3 Qe7 12.Rad1 c6 13.Rfe1 d6 14.e4 Bd7 15.Bg5 h6
16.Bh4 Bxc3 17.bxc3 Qxe4 18.Bxf6 Qxd3 19.Rxd3 gxf6 20.Rxd6 Be6 21.Red1 Kf8
22.a3 Ke7 23.c5 Kf8 24.f3 Kg7 25.Kf2 a5 26.a4 Re7 27.R1d4 Rae8 28.Bd3 Bc8
29.f4 f5 30.g4 fxg4 31.f5 Re5 32.Rxg4+ Kf8 33.Rxh6 Ke7 34.Rd4 Rxc5 35.f6+ Ke6
36.Bc4+ Rxc4 37.Rxc4 Kd6 38.Rd4+ Kc7 39.h4 Re5 40.Rf4 b5 41.Rg6 Rc5 42.axb5 Rxc3
43.bxc6 Rc2+ 44.Kg3 Rc3+ 45.Rf3 Rxc6 46.Rg5 a4 47.Ra5 Rc4 48.Ra7+ Bb7 49.Rf4 Rc3+
50.Kg4  1-0

[Event "JUG-chT Cetinje"]
[Site "Cetinje"]
[Date "1991.??.??"]
[Round "6"]
[White "Sokolov, Ivan"]
[Black "Cvetkovic, Srdjan"]
[Result "1/2-1/2"]
[WhiteElo "2570"]
[BlackElo "2470"]

1.d4 Nf6 2.c4 e6 3.Nc3 Bb4 4.Qc2 O-O 5.a3 Bxc3+ 6.Qxc3 b6 7.Nf3 Bb7 8.Bg5 d6
9.Nd2 Nbd7 10.f3 c5 11.e4 h6 12.Bh4 Re8 13.Bd3 cxd4 14.Qxd4 Ne5 15.Bc2 Ng6
16.Bf2 d5 17.e5 Nd7 18.f4 Rc8 19.O-O dxc4 20.Rad1 Ndf8 21.Nxc4 Qc7 22.Ba4 Qxc4
23.Qxc4 Rxc4 24.Bxe8 Nxf4 25.Rd2 Bxg2 26.Re1 Bd5 27.Bg3 Nh3+ 28.Kf1 a6 29.Ke2 b5
30.Rf1 Ng5 31.h4 Rc8 32.Ke3 Rxe8 33.hxg5 hxg5 34.Rdf2 Re7 35.Rc1 Bb7 36.Rd1 Bd5
37.Rc1 Bb7 38.Rd1 Bd5  1/2-1/2

[Event "Politicen Cup"]
[Site "Copenhagen"]
[Date "1991.??.??"]
[Round "?"]
[White "Sokolov, Ivan"]
[Black "Motwani, Paul"]
[Result "1-0"]
[WhiteElo "2570"]
[BlackElo "2425"]

1.d4 Nf6 2.c4 e6 3.Nc3 Bb4 4.Qc2 c5 5.dxc5 Na6 6.a3 Bxc3+ 7.Qxc3 Nxc5 8.f3 a5
9.e4 d6 10.Be3 b6 11.Ne2 O-O 12.Qc2 d5 13.O-O-O Bb7 14.Nc3 Rc8 15.Kb1 Qe7
16.e5 Nfd7 17.cxd5 exd5 18.Nxd5 Bxd5 19.Rxd5 Nxe5 20.Bb5 Qe6 21.Rhd1 Ncd3
22.Qb3 a4 23.Bxa4 Nxb2 24.Rxe5 Qxe5 25.Bd4 Qf5+ 26.Kxb2 Rfd8 27.Bc3 Rxd1
28.Qxd1 Qc5 29.Qd3 h5 30.Bc2 g6 31.f4 Ra8 32.a4 Rc8 33.f5 gxf5 34.Qg3+ Kf8
35.Qg7+ Ke8 36.Qh8+  1-0

[Event "Politicen Cup"]
[Site "Copenhagen"]
[Date "1991.??.??"]
[Round "?"]
[White "Sokolov, Ivan"]
[Black "Jansa, Vlastimil"]
[Result "1-0"]
[WhiteElo "2570"]
[BlackElo "2495"]

1.d4 d6 2.Bg5 g6 3.c4 Bg7 4.Nc3 h6 5.Bh4 c5 6.d5 Qa5 7.Qd2 f5 8.e3 Nd7 9.f4 Bxc3
10.bxc3 Ngf6 11.Bd3 Nb6 12.Bxf6 exf6 13.a4 Bd7 14.Ne2 Nxa4 15.g4 Kf7 16.gxf5 gxf5
17.Bc2 a6 18.Bxa4 Bxa4 19.Ng3 b5 20.cxb5 axb5 21.Nxf5 Qc7 22.Rg1 Rag8 23.Rxg8 Kxg8
24.Kf2 Kf8 25.c4 Qd7 26.e4 Rg8 27.Qb2 Qf7 28.cxb5 Qg6 29.Ng3 h5 30.Rxa4 h4
31.Ne2 Qg2+ 32.Ke1 Kf7 33.f5  1-0

[Event "Corfu op"]
[Site "Corfu"]
[Date "1991.??.??"]
[Round "2"]
[White "Sokolov, Ivan"]
[Black "Tzermiadianos, Andreas"]
[Result "1-0"]
[WhiteElo "2570"]
[BlackElo "2245"]

1.d4 Nf6 2.c4 c5 3.d5 b5 4.cxb5 a6 5.b6 Qxb6 6.Nc3 g6 7.Nf3 d6 8.Nd2 Nbd7
9.e4 Bg7 10.Be2 O-O 11.O-O Qc7 12.a4 Bb7 13.Nc4 Nb6 14.a5 Nxc4 15.Bxc4 Nd7
16.f4 Bd4+ 17.Kh1 f5 18.Ne2 fxe4 19.Nxd4 cxd4 20.Qxd4 Qc5 21.Qxe4 Nf6 22.Qe2 Bxd5
23.Bd3 Qc6 24.f5 Be4 25.Bh6 Rf7 26.fxg6 hxg6 27.Rae1 d5 28.Rc1 Qa4 29.Bxa6 Rxa6
30.Qxa6 Bxg2+ 31.Kxg2 Qg4+ 32.Kf2 Qh4+ 33.Ke2 Qxh6 34.Qe6 Kg7 35.h3 Qh5+
36.Kd3 d4 37.b4 Qb5+ 38.Rc4 Qb8 39.Rxd4 Qb5+ 40.Rc4 Rf8 41.Kc2 Qb7 42.Re1  1-0

[Event "Corfu op"]
[Site "Corfu"]
[Date "1991.??.??"]
[Round "6"]
[White "Conquest, Stuart"]
[Black "Sokolov, Ivan"]
[Result "0-1"]
[WhiteElo "2460"]
[BlackElo "2570"]

1.e4 e5 2.Nf3 Nc6 3.d4 exd4 4.Nxd4 Bc5 5.Nxc6 Qf6 6.Qd2 dxc6 7.Nc3 Be6 8.Bd3 O-O-O
9.O-O Ne7 10.Kh1 Ng6 11.f4 Bc4 12.e5 Qe7 13.Ne4 Bxd3 14.cxd3 f5 15.exf6 gxf6
16.Qc2 Bb6 17.a4 f5 18.a5 Bd4 19.Ng3 Qf6 20.a6 b6 21.Bd2 Bxb2 22.Nh5 Qh4
23.Qxc6 Ne7 24.Qb7+ Kd7 25.Rac1 Rc8 26.Qf3 Qg4 27.Qxg4 fxg4 28.Rb1 Bd4 29.f5 Rcf8
30.f6 Nd5 31.f7 h6 32.Nf4 Nxf4 33.Rxf4 c5 34.Rxg4 Rxf7 35.Rg6 Rhf8 36.h4 Rf1+
37.Rxf1 Rxf1+ 38.Kh2 Be5+ 39.Kh3 h5 40.g3 Rd1 41.Bf4 Bxf4 42.gxf4 Rxd3+ 43.Kg2 c4
44.Rg7+ Kc6 45.Rxa7 c3 46.Ra8 Rd7 47.a7 Rc7 48.Re8 Rxa7 49.Re3 Ra3 50.f5 c2
51.Re1 Re3 52.Rf1 Kd7 53.f6 Ke8  0-1

[Event "Groningen"]
[Site "Groningen"]
[Date "1991.??.??"]
[Round "?"]
[White "Sokolov, Ivan"]
[Black "Akopian, Vladimir"]
[Result "1-0"]
[WhiteElo "2570"]
[BlackElo "2590"]

1.d4 e6 2.c4 d5 3.Nc3 c6 4.e4 dxe4 5.Nxe4 Bb4+ 6.Bd2 Qxd4 7.Bxb4 Qxe4+ 8.Be2 Na6
9.Bc3 Nf6 10.Nf3 Bd7 11.O-O O-O-O 12.Bd3 Qg4 13.Qc2 Qf4 14.b4 c5 15.b5 Nb4
16.Bxb4 cxb4 17.Rfe1 Qc7 18.a3 b3 19.Qxb3 Kb8 20.Rac1 Bc8 21.c5 Rd5 22.b6 axb6
23.cxb6 Qd6 24.Ne5 Bd7 25.Nxf7 Rxd3 26.Qc4 Qxb6 27.Qxd3 Rf8 28.Qg3+ Ka7 29.Qxg7  1-0

[Event "Groningen"]
[Site "Groningen"]
[Date "1991.??.??"]
[Round "3"]
[White "Sokolov, Ivan"]
[Black "Romanishin, Oleg M"]
[Result "1/2-1/2"]
[WhiteElo "2570"]
[BlackElo "2600"]

1.d4 Nf6 2.c4 e6 3.Nc3 Bb4 4.Qc2 d5 5.cxd5 Qxd5 6.Nf3 O-O 7.e3 c5 8.Bd2 Qh5
9.Be2 cxd4 10.Nxd4 Qg6 11.O-O e5 12.Bd3 Qh5 13.Nde2 Nc6 14.a3 Bxc3 15.Bxc3 Be6
16.Ng3 Qh4 17.Nf5 Qh5 18.Ng3 Qh4 19.Nf5  1/2-1/2

[Event "Groningen"]
[Site "Groningen"]
[Date "1991.??.??"]
[Round "9"]
[White "Brenninkmeijer, Joris"]
[Black "Sokolov, Ivan"]
[Result "1/2-1/2"]
[WhiteElo "2525"]
[BlackElo "2570"]

1.d4 Nf6 2.c4 e6 3.Nf3 b6 4.g3 Ba6 5.b3 Bb4+ 6.Bd2 Be7 7.Bg2 Bb7 8.Nc3 O-O
9.O-O Na6 10.Ne5 d5 11.cxd5 exd5 12.Rc1 Ba3 13.Rb1 Re8 14.Nd3 Bf8 15.Bg5 c6
16.b4 Nc7 17.Qb3 h6 18.Bxf6 Qxf6 19.e3 Ba6 20.Rfd1 Bc4 21.Qb2 Bd6 22.a4 Rab8
23.b5 c5 24.Ne2 Qf5 25.Qc3 Ne6 26.dxc5 Nxc5 27.Nd4 Qf6 28.Nb2 Bb3 29.Rdc1 Be5
30.Qb4 Ba2 31.Ra1 Bxd4 32.exd4 Re2 33.Rf1 Bc4 34.Rad1 Rc2 35.Nxc4 Rxc4 36.Qd2 Nb3
37.Qa2 Nxd4 38.Bxd5 Rc2 39.Qb1 Ne2+ 40.Kh1 Rb2 41.Qa1 Qc3 42.Bg2 Kh8 43.Rd7 f5
44.Qd1 Qf6 45.Rxa7 f4 46.Qd5 Nc3 47.Qf3 Rb4 48.Rc1 Ne4 49.Kg1 Qb2 50.Rac7 Nc5
51.Re1 Rxa4 52.Qg4 Ra1 53.Rc8+ Rxc8 54.Qxc8+ Kh7 55.Qf5+ Kh8 56.Qf8+ Kh7
57.Qf5+  1/2-1/2

[Event "Niksic"]
[Site "Niksic"]
[Date "1991.??.??"]
[Round "2"]
[White "Sokolov, Ivan"]
[Black "Nikcevic, Nebojsa"]
[Result "1-0"]
[WhiteElo "2570"]
[BlackElo "2440"]

1.d4 Nf6 2.c4 e6 3.Nc3 Bb4 4.Qc2 d5 5.Nf3 dxc4 6.a3 Be7 7.e4 Nc6 8.e5 Nd5
9.Bxc4 Nb6 10.Be2 O-O 11.Be3 f5 12.exf6 Bxf6 13.Bd3 h6 14.O-O Kh8 15.Rad1 Bd7
16.Qd2 Qe7 17.Bb1 Qf7 18.Qc2 Qg8 19.Ne5 Be8 20.Qc1 Nxe5 21.dxe5 Bxe5 22.Bxh6 Qf7
23.Rd3 gxh6 24.Qxh6+ Kg8 25.f4 Bxf4 26.Rxf4  1-0

[Event "Niksic"]
[Site "Niksic"]
[Date "1991.??.??"]
[Round "4"]
[White "Sokolov, Ivan"]
[Black "Kontic, Djordje"]
[Result "1/2-1/2"]
[WhiteElo "2570"]
[BlackElo "2325"]

1.Nf3 g6 2.d4 f5 3.Nc3 Bg7 4.e4 fxe4 5.Nxe4 d5 6.Ng3 Nc6 7.Bb5 Bg4 8.Bf4 Nh6
9.Qd2 Nf7 10.Ne5 Nxe5 11.Bxe5 O-O 12.Bxg7 Kxg7 13.Bxc6 bxc6 14.f3 Bf5 15.O-O Qd6
16.Rfe1 Rab8 17.b3 c5 18.Re5 e6 19.Rae1 Rf6 20.Qg5 Rf7 21.Nh5+ Kh8 22.Nf4 cxd4
23.R1e2 Rbf8 24.Qh6 Kg8 25.g3 Rf6 26.Qg5 c5 27.Nh5 R6f7 28.g4 d3 29.cxd3 Bxd3
30.Rxe6 Qd8 31.Qxd8 Rxd8 32.Re8+ Rf8 33.Rxd8 Rxd8 34.Rd2 gxh5 35.Rxd3 Kf7
36.Rc3 Rc8 37.gxh5 Ke6 38.Kf2 Ke5 39.Ke2 d4 40.Rc4 Kd5 41.Ra4 Re8+ 42.Kd2 Re5
43.Ra5 Rxh5 44.b4 Rxh2+ 45.Kd3 Rf2 46.Rxc5+ Kd6 47.Ra5 Rxf3+ 48.Ke4 Rh3 49.Kxd4 Kc6
50.Rxa7 Kb5 51.a3 Rh4+ 52.Kd5 Rh5+ 53.Kd6 Rh6+ 54.Kd7 Rg6 55.Ra5+ Kb6 56.Re5 Rg7+
57.Kd6 Ra7 58.Re3 Kb5 59.Kd5 Rd7+ 60.Ke4 Kc4 61.Kf3 Ra7 62.Ke2 Kb5 63.Kf3 Ka4
64.Ke4 h5 65.Kf5 Rg7 66.Rh3 Rg4 67.Rd3 Rg8 68.Ke4 h4 69.Rh3 Rg4+ 70.Kf3 Rg8
71.Kf2 Rg7 72.Re3 Rg8 73.Ke2 Rh8 74.Rh3 Rg8 75.Kd2 Rg4 76.Re3 Rg5 77.Kc2 Rg2+
78.Kc3 Rg3 79.Kd4 Rg4+ 80.Re4 Rg3 81.Kc5 Rg5+ 82.Kc4 h3 83.Rh4 h2 84.Rxh2 Rg4+  1/2-1/2

[Event "Niksic"]
[Site "Niksic"]
[Date "1991.??.??"]
[Round "9"]
[White "Miljanic, Boro"]
[Black "Sokolov, Ivan"]
[Result "1/2-1/2"]
[WhiteElo "2390"]
[BlackElo "2570"]

1.e4 c5 2.Nf3 e6 3.b3 d6 4.Bb2 a6 5.d4 cxd4 6.Nxd4 Nf6 7.Bd3 Nbd7 8.Nd2 Nc5
9.O-O Be7 10.f4 O-O 11.Qe2 Nxd3 12.cxd3 b5 13.Rac1 Bb7 14.Nc6 Bxc6 15.Rxc6 Qd7
16.Rfc1 Rfc8 17.R6c2 Rxc2 18.Rxc2 Rc8 19.Nf3 Qa7+ 20.Bd4 Qb7 21.Rxc8+ Qxc8
22.Qd2 d5 23.e5 Nd7 24.Qc3 Bc5 25.Bxc5 Qxc5+ 26.Qxc5 Nxc5  1/2-1/2

[Event "Niksic"]
[Site "Niksic"]
[Date "1991.??.??"]
[Round "11"]
[White "Spasov, Vasil"]
[Black "Sokolov, Ivan"]
[Result "1/2-1/2"]
[WhiteElo "2550"]
[BlackElo "2570"]

1.e4 e5 2.Nf3 Nc6 3.Bc4 Bc5 4.c3 Nf6 5.b4 Bb6 6.d3 d6 7.a4 a6 8.O-O Ne7 9.Nbd2 O-O
10.Bb3 Ng6 11.Nc4 Ba7 12.Be3 Bxe3 13.fxe3 Bd7 14.a5 Qe7 15.Qe1 Kh8 16.Ra2 Rad8
17.Nh4 Nxh4 18.Qxh4 Be6 19.Raf2 Ng8 20.Qh5 f6 21.Qd1 Nh6 22.Nd2 Bc8 23.h3 c6
24.d4 d5 25.Bc2 dxe4 26.Nxe4 f5 27.Nc5 Rd6  1/2-1/2

[Event "JUG-Cup final"]
[Site "Pula"]
[Date "1991.??.??"]
[Round "1"]
[White "Sokolov, Ivan"]
[Black "Rajkovic, Dusan"]
[Result "1/2-1/2"]
[WhiteElo "2570"]
[BlackElo "2495"]

1.d4 e6 2.Nc3 d5 3.e4 Bb4 4.e5 c5 5.a3 Bxc3+ 6.bxc3 Qa5 7.Bd2 cxd4 8.cxd4 Qa4
9.Qg4 Ne7 10.Bd3 h5 11.Qf4 b6 12.Ne2 Ba6 13.Nc3 Qd7 14.Bxa6 Nxa6 15.Qg3 Nf5
16.Qd3 Nb8 17.O-O Nc6 18.Ne2 Rc8 19.Rae1 Nce7 20.Rb1 Qa4 21.c3 Qc4 22.Nc1 Qxd3
23.Nxd3 Nc6 24.Ra1 Na5 25.Rfb1 Nc4 26.Be1 Kd7 27.a4 f6 28.f4 Rc7 29.Ra2 Rhc8
30.Kf2 Na5 31.Ra3 Ne3 32.Ra2 Nf5 33.Ra3 Nc4 34.Ra2 fxe5 35.Nxe5+ Nxe5 36.fxe5 Rf8
37.Ke2 Kc6 38.Kd3 Rcf7 39.Rab2 Ne7 40.Bh4 Ng6 41.Bg5 Rf2 42.Ke3 Rxb2 43.Rxb2 Rf1
44.h4 Nh8 45.Ke2 Rh1 46.Kd3 Rd1+ 47.Ke2 Ra1 48.Kd3 Nf7 49.Rf2 Nxg5 50.hxg5 Rxa4
51.Rf6 Kd7 52.Rf7+ Ke8 53.Rxg7 Ra2 54.Rh7 Rxg2 55.Rxh5 a5 56.Rh7 b5 57.Rb7 b4
58.cxb4 axb4  1/2-1/2

[Event "JUG-Cup final"]
[Site "Pula"]
[Date "1991.??.??"]
[Round "2"]
[White "Sokolov, Ivan"]
[Black "Romanishin, Oleg M"]
[Result "1/2-1/2"]
[WhiteElo "2570"]
[BlackElo "2610"]

1.d4 Nf6 2.c4 e6 3.Nc3 Bb4 4.Qc2 O-O 5.a3 Bxc3+ 6.Qxc3 b6 7.Nf3 Bb7 8.e3 d6
9.Be2 Nbd7 10.O-O Ne4 11.Qc2 f5 12.b4 Rf6 13.d5 Rh6 14.dxe6 Nf8 15.c5 Nxe6
16.c6 Bc8 17.Bb2 Qe8 18.Rad1 Qh5 19.h3 N6g5 20.Nxg5 Qxg5 21.Bf3 Qg6 22.Kh2 Be6  1/2-1/2

[Event "Tatran Cup"]
[Site "Stary Smokovec"]
[Date "1991.??.??"]
[Round "2"]
[White "Gross, Stefan"]
[Black "Sokolov, Ivan"]
[Result "0-1"]
[WhiteElo "2430"]
[BlackElo "2570"]

1.e4 e5 2.Nf3 Nc6 3.Bb5 a6 4.Ba4 Nf6 5.d4 Nxe4 6.Qe2 b5 7.Qxe4 d5 8.Qe3 bxa4
9.Nxe5 Nxe5 10.Qxe5+ Be6 11.Nc3 Qd7 12.O-O Bd6 13.Qg5 h6 14.Qe3 O-O 15.b3 Bf5
16.Nxa4 Bxc2 17.Bd2 Rae8 18.Qc3 Qf5 19.Nc5 Re2 20.Nb7 Rfe8 21.Rac1 Bd3 22.Nxd6 cxd6
23.Rce1 Rc8 24.Qa5 Qg4 25.h3 Qxd4 26.Rxe2 Bxe2 27.Re1 Qe4 28.Be3 Rc2 29.Qd8+ Kh7
30.Qxd6 f6 31.a3 Qd3 32.b4 Qc3 33.Rb1 Qe5 34.Qb6 Ra2 35.Re1 Bc4 36.Bd2 Qb2
37.Bc1 Qc2 38.Qd4 Qf5 39.Rd1 Re2 40.Be3 Qe5 41.Qa7 Kg6 42.Bd4 Qf5 43.Bc5 Kh7
44.Bf8 Qg6 45.Qd4 h5 46.Qc3 Qe8 47.Bc5 Qe4 48.Rc1 Ra2 49.Bd4 Qg6 50.Rd1 Be2
51.Ra1 Rc2 52.Qe3 Bd3 53.Kh2 Re2 54.Qg3 Qe4 55.Bc5 h4 56.Qd6 Bb1 57.a4 Re1
58.Ra3 Bd3 59.Qc7 Rc1  0-1

[Event "Tatran Cup"]
[Site "Stary Smokovec"]
[Date "1991.??.??"]
[Round "6"]
[White "Sokolov, Ivan"]
[Black "Tibensky, Robert"]
[Result "1/2-1/2"]
[WhiteElo "2570"]
[BlackElo "2380"]

1.d4 Nf6 2.c4 g6 3.Nc3 Bg7 4.e4 d6 5.Nge2 O-O 6.f3 e5 7.Bg5 exd4 8.Nxd4 c6
9.Qd2 h6 10.Be3 Re8 11.O-O-O h5 12.Nc2 d5 13.cxd5 cxd5 14.exd5 Nbd7 15.h3 Nb6
16.g4 Bd7 17.Bd4 Rc8 18.Kb1 Nc4 19.Bxc4 Rxc4 20.Rhe1 Rf8 21.Bxa7 b6 22.d6 Qa8
23.Bxb6 Rxc3 24.Qxc3 Nd5 25.Qa5 Nxb6 26.Qxa8 Rxa8 27.Nd4 hxg4 28.hxg4 Bf6
29.Re3 Nc4 30.Rc3 Nxd6 31.Nb3 Be5 32.Rc5 Bg3 33.Rcd5 Rd8 34.Nd4 Re8 35.Nb3 Rd8
36.Nd4 Re8 37.b3 Bc8 38.a4 Bb7 39.Rc5 Nc8 40.Kc2 Nb6 41.Nc6 Kg7 42.Kb1 Re3
43.Ka2 Re6 44.Rdc1 Rd6 45.Nb4  1/2-1/2

[Event "Tatran Cup"]
[Site "Stary Smokovec"]
[Date "1991.??.??"]
[Round "7"]
[White "Plachetka, Jan"]
[Black "Sokolov, Ivan"]
[Result "0-1"]
[WhiteElo "2470"]
[BlackElo "2570"]

1.c4 e5 2.Nc3 Nc6 3.g3 g6 4.Bg2 Bg7 5.Nf3 d6 6.O-O f5 7.d3 Nf6 8.Rb1 O-O
9.b4 h6 10.b5 Ne7 11.a4 g5 12.a5 Be6 13.Nd2 Rb8 14.Ba3 b6 15.Bb4 g4 16.Ra1 h5
17.axb6 axb6 18.e3 f4 19.exf4 exf4 20.Re1 Bf5 21.Nb3 f3 22.Bf1 h4 23.Ra2 hxg3
24.fxg3 Qd7 25.Qd2 Rbe8 26.d4 Ng6 27.Rxe8 Rxe8 28.Ra1 Kh7 29.Re1 Bh6 30.Qf2 Re7
31.Ba3 Rxe1 32.Qxe1 d5 33.cxd5 Nxd5 34.Bc1 Qe7 35.Qxe7+ Ngxe7 36.Nxd5 Nxd5
37.Kf2 Bxc1 38.Nxc1 Nc3 39.Ke3 Bd7 40.Nd3 Bxb5 41.h3 Nd1+ 42.Kd2 gxh3  0-1

[Event "Tatran Cup"]
[Site "Stary Smokovec"]
[Date "1991.??.??"]
[Round "8"]
[White "Sokolov, Ivan"]
[Black "Gazik, Igor"]
[Result "1-0"]
[WhiteElo "2570"]
[BlackElo "2455"]

1.d4 Nf6 2.c4 g6 3.Nc3 Bg7 4.e4 d6 5.f3 O-O 6.Bg5 c6 7.Qd2 e5 8.Nge2 Nbd7
9.d5 h6 10.Be3 cxd5 11.cxd5 a5 12.Nb5 Nc5 13.Nec3 Nh5 14.O-O-O a4 15.Kb1 f5
16.Nxd6 Qxd6 17.Nb5 Nxe4 18.fxe4 Qd8 19.d6 Nf6 20.Bxh6 a3 21.Bg5 Be6 22.Nc7 Bf7
23.Bxf6 Bxf6 24.Qb4 b5 25.Bxb5 Rb8 26.Qxa3 Rb6 27.Qc5 Qb8 28.a4 Qb7 29.Rhe1 Rb8
30.Nd5 Bxd5 31.Rxd5 Rc8 32.Qb4 fxe4 33.Qxe4 Kg7 34.d7 Rh8 35.h3 Rh4 36.Qxe5 Rxa4
37.d8=Q Bxe5 38.Rd7+  1-0

[Event "Barcelona"]
[Site "Barcelona"]
[Date "1992.??.??"]
[Round "?"]
[White "Rodriguez Vargas, Orestes"]
[Black "Sokolov, Ivan"]
[Result "1/2-1/2"]
[WhiteElo "2455"]
[BlackElo "2630"]

1.d4 Nf6 2.c4 e6 3.Nc3 Bb4 4.e3 b6 5.Ne2 Ne4 6.Bd2 Nxd2 7.Qxd2 Bb7 8.a3 Be7
9.Nf4 Bg5 10.Bd3 O-O 11.O-O Bxf4 12.exf4 d5 13.c5 bxc5 14.dxc5 d4 15.Ne4 f5
16.Ng5 Qd5 17.Nf3 Qxc5 18.Rfe1 Bxf3 19.gxf3 Re8 20.Rac1 Qb6 21.Bxf5 Nd7 22.Be4 Rab8
23.b4 Nf6 24.Bc6 Re7 25.Re5 Rbe8 26.Rb5 Qa6 27.Ra5 Qb6 28.Rb5 Qa6 29.Ra5  1/2-1/2

[Event "Chalkidiki"]
[Site "Chalkidiki"]
[Date "1992.??.??"]
[Round "1"]
[White "Psakhis, Lev"]
[Black "Sokolov, Ivan"]
[Result "1/2-1/2"]
[WhiteElo "2570"]
[BlackElo "2625"]

1.c4 e5 2.Nc3 Bb4 3.Nd5 Bc5 4.e3 c6 5.d4 cxd5 6.dxc5 Qa5+ 7.Bd2 Qxc5 8.Qg4 g6
9.cxd5 Qxd5 10.Bc4 Nf6 11.Qh4 Qd6 12.Nf3 Nc6 13.e4 Qe7 14.Ng5 Nd8 15.a3 Nh5
16.Bb4 Qf6 17.O-O a5 18.Bc3 Qe7 19.b4 f6 20.Nf3 Ne6 21.g3 d6 22.Nd2 Neg7
23.Bb5+ Bd7 24.Bxd7+ Qxd7 25.f4 Rc8 26.Rac1 O-O 27.bxa5 Rc6 28.Bb4 Rxc1 29.Rxc1 Rc8
30.Rxc8+ Qxc8 31.Bxd6 h6 32.f5 Qc1+ 33.Nf1 Qd1 34.Bb4 g5 35.Qh3 Qd4+ 36.Kh1 Qxe4+
37.Qg2 Qxg2+ 38.Kxg2 Nxf5 39.Kf3 Kf7 40.Ke4 Ne7 41.Ne3 Ng7 42.Nc4 Ne8 43.Bxe7 Kxe7
44.Kd5 h5 45.a4 Kd7 46.Nb6+ Kc7 47.Na8+ Kd8 48.Nb6 Ng7 49.Nc4 Kc7 50.Nd6 g4
51.Nb5+ Kb8 52.Nd6 Ka7 53.Nc4 Ka6 54.Ke4 Ka7 55.Kd5 Ka6 56.Ke4 Ne6 57.Kf5 Nd4+
58.Kxf6 e4 59.Ke5 e3 60.Nxe3 Nf3+ 61.Kf4 Nxh2 62.Nc4 Nf1 63.Nd6 Kxa5 64.Nxb7+ Kxa4
65.Nc5+ Kb4 66.Ne4 Kc4 67.Nf6 Nxg3 68.Nxh5 Nxh5+ 69.Kxg4 Nf4 70.Kxf4  1/2-1/2

[Event "Chalkidiki"]
[Site "Chalkidiki"]
[Date "1992.??.??"]
[Round "5"]
[White "Ulibin, Mikhail"]
[Black "Sokolov, Ivan"]
[Result "1/2-1/2"]
[WhiteElo "2570"]
[BlackElo "2625"]

1.d4 d5 2.c4 e6 3.Nf3 Nf6 4.g3 Bb4+ 5.Bd2 Be7 6.Bg2 O-O 7.O-O Ne4 8.Qc2 c5
9.cxd5 exd5 10.Nc3 Bf5 11.Qb3 Nc6 12.Be3 c4 13.Qxb7 Nb4 14.a3 Rb8 15.Qxa7 Ra8  1/2-1/2

[Event "EU-chT (Men)"]
[Site "Debrecen"]
[Date "1992.??.??"]
[Round "8"]
[White "Ernst, Thomas"]
[Black "Sokolov, Ivan"]
[Result "1/2-1/2"]
[WhiteElo "2535"]
[BlackElo "2630"]

1.e4 e5 2.Nf3 Nc6 3.Bb5 a6 4.Ba4 Nf6 5.O-O Be7 6.Re1 b5 7.Bb3 O-O 8.c3 d5
9.exd5 Nxd5 10.Nxe5 Nxe5 11.Rxe5 c6 12.Re1 Bd6 13.g3 Bb7 14.d3 Qd7 15.Nd2 c5
16.Ne4 Be7 17.Bg5 f6 18.Bd2 Kh8 19.Qh5 f5 20.Ng5 Bxg5 21.Bxg5 Qc6 22.f3 c4
23.Bc2 b4 24.dxc4 Qxc4 25.Re5 Nxc3 26.Bxf5 Rxf5 27.Rxf5 Ne2+ 28.Kh1 g6 29.Qh6 Kg8
30.Rf6 Qd3 31.Kg2 Nd4 32.Rf1 Nxf3 33.R6xf3 Qe2+ 34.Kg1 Bxf3 35.Rf2 Qd1+ 36.Rf1  1/2-1/2

[Event "Elenite"]
[Site "Elenite"]
[Date "1992.??.??"]
[Round "3"]
[White "Manolov, Ivan"]
[Black "Sokolov, Ivan"]
[Result "0-1"]
[WhiteElo "2340"]
[BlackElo "2625"]

1.e4 e5 2.Nf3 Nc6 3.Bb5 a6 4.Ba4 Nf6 5.O-O Be7 6.Bxc6 dxc6 7.Qe1 Be6 8.Nxe5 Qd4
9.Nf3 Qxe4 10.Qxe4 Nxe4 11.Re1 Nd6 12.Nd4 Bg4 13.h3 Bh5 14.Nc3 Kd7 15.d3 Rae8
16.Bd2 b6 17.Ne4 Bg6 18.Bc3 f6 19.Ng3 h5 20.Re2 h4 21.Nf1 Bh5 22.Ree1 c5
23.Ne6 Bf7 24.Nxg7 Reg8 25.Rxe7+ Kxe7 26.Re1+ Kd7 27.Bxf6 Rh6 28.Re7+ Kc6
29.Be5 Rg6 30.Nd2 R8xg7 31.Bxg7 Rxg7 32.Nf3 b5 33.Nxh4 Rg8 34.a3 Bd5 35.f4 a5
36.Kf2 a4 37.g4 b4 38.Nf3 Bxf3 39.Kxf3 bxa3 40.bxa3 Nb5 41.Re6+ Kb7 42.Re4 Ra8
43.c4 Nxa3 44.Re2 Kc6 45.Rb2 Rh8 46.Rh2 Nb1 47.g5 a3 48.Kg4 Nc3 49.g6 a2
50.Rxa2 Nxa2 51.h4 Kd6 52.h5 Nb4 53.Kg5 Nc6 54.g7 Rg8 55.Kf6 Re8 56.Kf7 Re7+
57.Kf6 Re6+ 58.Kg5 Ne7 59.h6 Rg6+  0-1

[Event "Elenite"]
[Site "Elenite"]
[Date "1992.??.??"]
[Round "11"]
[White "Sax, Gyula"]
[Black "Sokolov, Ivan"]
[Result "1/2-1/2"]
[WhiteElo "2565"]
[BlackElo "2625"]

1.e4 e5 2.Nf3 Nc6 3.Bb5 a6 4.Ba4 Nf6 5.O-O Be7 6.Re1 b5 7.Bb3 O-O 8.d4 d6
9.c3 Bg4 10.Be3 exd4 11.cxd4 Na5 12.Bc2 Nc4 13.Bc1 c5 14.b3 Nb6 15.Nbd2 Nfd7
16.h3 Bh5 17.d5 Bf6 18.Rb1 Bxf3 19.Nxf3 Re8 20.Bd2 Qc7 21.Rc1 Bb2 22.Rb1 Bf6
23.Rc1 Bb2  1/2-1/2

[Event "Malmo op"]
[Site "Malmo"]
[Date "1992.??.??"]
[Round "?"]
[White "Sokolov, Ivan"]
[Black "Sjodahl, Pontus"]
[Result "*"]
[WhiteElo "2625"]
[BlackElo "2325"]

1.c4 c5 2.Nf3 Nf6 3.Nc3 Nc6 4.d4 cxd4 5.Nxd4 e6 6.a3 Bc5 7.Nb3 Be7 8.e4 b6
9.f4 d6 10.Bd3 Bb7 11.O-O O-O 12.Be3 Rc8 13.Rc1 a6 14.Kh1 Nb8 15.Nd4 Nbd7
16.b4  *

[Event "Manila ol (Men)"]
[Site "Manila"]
[Date "1992.??.??"]
[Round "?"]
[White "Grivas, Efstratios"]
[Black "Sokolov, Ivan"]
[Result "0-1"]
[WhiteElo "2465"]
[BlackElo "2630"]

1.d4 Nf6 2.c4 g6 3.Nc3 d5 4.Nf3 Bg7 5.Bg5 dxc4 6.e4 c5 7.Bxc4 cxd4 8.Qxd4 Qxd4
9.Nxd4 Nxe4 10.Nxe4 Bxd4 11.O-O-O Nc6 12.Bb5 Bb6 13.Rd2 Be6 14.Rc2 f6 15.Be3 Bd5
16.Nc3 Bxg2 17.Rg1 Bxe3+ 18.fxe3 Bh3 19.Nd5 Kf7 20.Bxc6 bxc6 21.Rxc6 Rac8
22.Rxc8 Rxc8+ 23.Nc3 h5 24.Kc2 Bf5+ 25.Kd2 Rd8+ 26.Ke1 g5 27.e4 Bc8 28.Rg2 Bb7
29.Re2 g4 30.Na4 Rd4 31.Nc5 Ba8 32.b3 h4 33.Kf2 Rd1 34.b4 Rb1 35.Nd3 Bc6
36.Ke3 Rf1 37.Rg2 Rf3+  0-1

[Event "Manila ol (Men)"]
[Site "Manila"]
[Date "1992.??.??"]
[Round "?"]
[White "Petursson, Margeir"]
[Black "Sokolov, Ivan"]
[Result "1-0"]
[WhiteElo "2555"]
[BlackElo "2630"]

1.c4 e5 2.Nc3 Bb4 3.Nd5 Ba5 4.b4 c6 5.bxa5 cxd5 6.cxd5 Qxa5 7.Qb3 d6 8.Ba3 Nf6
9.Bxd6 Nbd7 10.Nf3 e4 11.Nd4 Nb6 12.Nb5 Nbxd5 13.Ba3 Be6 14.Nd6+ Kd7 15.Nxb7 Qb6
16.Nc5+ Kd8 17.e3 Qxb3 18.axb3 Nb6 19.Nxe6+ fxe6 20.Ba6 Nc8 21.Ke2 Rb8 22.Rhc1 Kd7
23.Rc4 Rxb3 24.Rd4+ Kc7 25.Bc5 e5 26.Rc4 Nb6 27.Rc2 Kd7 28.Bc4 Nxc4 29.Rxa7+ Ke6
30.Rxc4 Rc8 31.Rb4 Rd3 32.Rb6+ Kf5 33.Rxg7 Rxc5 34.Rf7 Rc2 35.Rbxf6+ Kg5
36.f4+ exf4 37.exf4+ Kg4 38.Rg7+  1-0

[Event "Manila ol (Men)"]
[Site "Manila"]
[Date "1992.??.??"]
[Round "?"]
[White "Sokolov, Ivan"]
[Black "Romero Holmes, Alfonso"]
[Result "1-0"]
[WhiteElo "2630"]
[BlackElo "2490"]

1.d4 e6 2.c4 Bb4+ 3.Nc3 Bxc3+ 4.bxc3 f5 5.e4 fxe4 6.Qh5+ g6 7.Qe5 Nf6 8.Bg5 Rf8
9.h4 d6 10.Qg3 Qd7 11.Be2 Qf7 12.Nh3 Nc6 13.Bxf6 Qxf6 14.Ng5 Qe7 15.Nxe4 Bd7
16.O-O O-O-O 17.f4 Na5 18.Rae1 Rde8 19.Bd3 Qf7 20.c5 d5 21.Ng5 Qe7 22.Re3 b6
23.cxb6 axb6 24.Qe1 Rf6 25.g3 Kb7 26.Qe2 h6 27.Nf3 Rg8 28.Ne5 Qg7 29.Kg2 Ka7
30.g4 Rgf8 31.Ref3 Rh8 32.Rh1 Be8 33.Kg3 h5 34.g5 Rff8 35.Rc1 Nc6 36.Nxc6+ Bxc6
37.Qxe6 Bd7 38.Qxd5 c6 39.Qd6 Bg4 40.Qxc6  1-0